[Event "17th Aeroflot Open-A 2019"]
[Site "Moscow"]
[Date "2019.02.22"]
[Round "3.11"]
[White "Sethuraman, S.P."]
[Black "Deac, Bogdan-Daniel"]
[Result "0-1"]
[WhiteElo "2651"]
[BlackElo "2603"]
[Annotator "TA"]
[PlyCount "102"]
[EventDate "2019.02.19"]
[EventCountry "RUS"]
[SourceTitle "playchess.com"]
[Source "ChessBase"]
[SourceQuality "1"]

{[%evp 11,102,0,0,0,0,-23,4,-15,-15,-33,-11,-80,-59,-37,-35,-56,-49,-49,-47,-40,-46,-39,-41,-38,-43,-62,-41,-72,-69,-66,-74,-84,-38,-73,-22,-58,-46,-50,-41,-70,-52,-74,-72,-70,-72,-75,-63,-112,-49,-56,-49,-56,-55,-60,-50,-61,-52,-56,-55,-70,-70,-81,-69,-79,-79,-240,-234,-405,-410,-463,-470,-469,-460,-436,-440,-431,-391,-590,-589,-627,-629,-660,-648,-694,-634,-722,-689,-614,-566,-752,-720,-903,-911]} 1. c4 e5 2. Nc3 Nf6 3. Nf3 Nc6 4. e3 Bb4 5. Qc2 Bxc3 6. bxc3 O-O 7. e4 {A28: English Opening: Four Knights Variation} d6 8. d3 (8. g3 Kh8 9. d3 Ng8 10. Nh4 Nge7 11. Bg2 f5 12. exf5 Nxf5 13. Nf3 Nfe7 14. O-O h6 {1-0 (71) So,W (2765)-Harikrishna,P (2729) Kolkata 2018}) 8... Ne8 $146 ({Predecessor:} 8... Nh5 9. Be2 f5 10. exf5 Bxf5 11. O-O h6 12. Qb3 Rb8 13. c5+ d5 14. d4 Bg4 15. dxe5 Nxe5 16. Nxe5 Bxe2 {½-½ (45) Harff,M (2399)-Bauer,C (2637) Vandoeuvre 2019}) 9. Be2 {The position is equal.} f5 10. c5 dxc5 11. O-O (11. exf5 $11 Nf6 12. Qb3+ Kh8 13. O-O) 11... fxe4 12. dxe4 Nd6 13. Qb3+ Kh8 14. Qd5 $1 Qe8 15. Qxc5 Nxe4 16. Qe3 Nd6 17. Ba3 Bf5 18. Rfe1 Qe6 19. Nh4 Bg4 20. Bd3 Qf6 21. Qg3 Qf4 22. Rab1 Rab8 (22... b6 $17) 23. h3 Qxg3 24. fxg3 Be6 25. Rb2 Rfe8 26. Rbe2 Rbd8 27. Bb1 Bc4 28. Re3 Bf7 {Strongly threatening ...Nc4.} 29. Bc1 {[#]} Nc4 (29... e4 $1 $17 {[%mdl 512] ...g5 is the strong threat.} 30. g4 (30. Bxe4 Rxe4) 30... g6) 30. R3e2 $15 Kg8 31. g4 Nb6 32. Bg5 Rd6 $36 {[%mdl 2048] White is under pressure.} 33. Nf5 Rd7 $1 34. Be4 Bd5 35. Bb1 Bc4 36. Re3 Rf8 37. Bh4 Nd5 38. Rd1 $2 {[#]} (38. Re4 $17 {was called for.} Ba6 39. Bc2) 38... Rff7 $1 $19 39. Rf3 $2 (39. Rg3) 39... Be2 $1 {[%csl LRd1,LRf3][%mdl 64] Double Attack} 40. Bc2 Bxf3 41. gxf3 {White hopes to continue with Bb3.} Nxc3 {[%mdl 64] Double Attack} 42. Re1 Kf8 {And now ...g6 would win.} 43. Bb3 Nd4 44. Nxd4 (44. Bxf7 $142 Nxf3+ 45. Kg2 Nxh4+ 46. Nxh4 Rd2+ 47. Kf1 Kxf7 48. Rxe5) 44... exd4 {Black is clearly winning.} 45. Bxf7 Kxf7 {[%mdl 4096] Endgame KRB-KRN} 46. Bg5 h6 47. Bd2 c5 48. Kf2 b5 49. Re5 c4 50. Rf5+ Ke6 51. a3 Nd5 {Accuracy: White = 40%, Black = 67%.} 0-1

[Event "17th Aeroflot Open-A 2019"]
[Site "Moscow"]
[Date "2019.02.22"]
[Round "3.12"]
[White "Ganguly, Surya Shekhar"]
[Black "Tabatabaei, M.amin"]
[Result "1/2-1/2"]
[WhiteElo "2636"]
[BlackElo "2590"]
[Annotator "RC"]
[PlyCount "85"]
[EventDate "2019.02.19"]
[EventCountry "RUS"]
[SourceTitle "playchess.com"]
[Source "ChessBase"]
[SourceQuality "1"]
[TimeControl "40/5400+30:1800+30"]

1. e4 {[%emt 0:00:00]} c5 {[%emt 0:01:52]} 2. Nf3 {[%emt 0:00:00]} d6 {[%emt 0:00:06]} 3. d4 {[%emt 0:00:23]} cxd4 {[%emt 0:00:07]} 4. Nxd4 {[%emt 0:00:05]} Nf6 {[%emt 0:00:07]} 5. Nc3 {[%emt 0:00:06]} Nc6 {[%emt 0:00:04]} 6. Bg5 {[%emt 0:00:21]} e6 {[%emt 0:00:08]} 7. Qd2 {[%emt 0:00:18]} a6 {[%emt 0:00:06]} 8. O-O-O {[%emt 0:00:06]} Bd7 {[%emt 0:00:05]} 9. f3 {[%emt 0:01:16]} Be7 {[%emt 0:00:07]} 10. h4 {[%emt 0:02:16]} h6 {[%emt 0:00:06]} 11. Be3 {[%emt 0:00:15]} h5 {[%emt 0:00:05]} 12. Nxc6 {[%emt 0:03:29]} Bxc6 {[%emt 0:00:08]} 13. Bg5 {[%emt 0:01:41]} b5 {[%emt 0:05:07]} 14. Ne2 {[%emt 0:08:34]} Qb6 {[%emt 0:00:54]} 15. Nd4 {[%emt 0:00:36]} Bd7 {[%emt 0:00:15]} 16. Qe3 {[%emt 0:07:55]} b4 {[%emt 0:23:00]} 17. Kb1 {[%emt 0:01:48]} Qc5 {[%emt 0:02:55]} 18. Be2 {[%emt 0:08:29]} O-O {[%emt 0:00:51]} 19. Nb3 {[%emt 0:10:52]} Qxe3 {[%emt 0:02:44]} 20. Bxe3 {[%emt 0:00:06]} a5 {[%emt 0:00:58]} 21. Bg5 {[%emt 0:01:48]} Rfd8 {[%emt 0:01:25]} 22. Rd2 {[%emt 0:08:28]} Kf8 {[%emt 0:08:37]} 23. Rhd1 {[%emt 0:03:03]} a4 {[%emt 0:00:31]} 24. Nc1 {[%emt 0:00:56]} Bc6 {[%emt 0:00:11]} 25. Rd4 {[%emt 0:05:21]} Rab8 {[%emt 0:02:22]} 26. Nd3 {[%emt 0:06:10]} Bb5 {[%emt 0:05:58]} 27. Rxb4 {[%emt 0:01:09]} d5 {[%emt 0:01:45]} 28. Bxf6 {[%emt 0:03:15]} gxf6 {[%emt 0:03:09]} 29. Rd4 {[%emt 0:00:05]} f5 {[%emt 0:07:03]} 30. e5 {[%emt 0:05:03]} Rdc8 {[%emt 0:01:21]} 31. f4 {[%emt 0:05:17]} Bc4 {[%emt 0:21:53]} 32. Rh1 {[%emt 0:01:40]} Bd8 {[%emt 0:03:28]} 33. Nc1 {[%emt 0:00:10]} Bb6 {[%emt 0:00:07]} 34. Rdd1 {[%emt 0:00:06]} Be3 {[%emt 0:00:31]} 35. Bxc4 {[%emt 0:01:30]} dxc4 {[%emt 0:00:15]} 36. Rhf1 {[%emt 0:01:45]} Rb5 {[%emt 0:04:49]} 37. Rf3 {[%emt 0:00:59]} Rcb8 {[%emt 0:00:07]} 38. b3 {[%emt 0:00:26]} Bxc1 {[%emt 0:00:14]} 39. Kxc1 {[%emt 0:00:40]} axb3 {[%emt 0:00:17]} 40. axb3 {[%emt 0:00:00]} cxb3 {[%emt 0:00:00]} 41. cxb3 {[%emt 0:01:38]} Rxb3 {[%emt 0:00:12]} 42. Rd8+ {[%emt 0:00:53]} Rxd8 {[%emt 0:00:07]} 43. Rxb3 {[%emt 0:00:03]} 1/2-1/2

[Event "17th Aeroflot Open-A 2019"]
[Site "Moscow"]
[Date "2019.02.22"]
[Round "3.13"]
[White "Debashis, Das"]
[Black "Sarana, Alexey"]
[Result "1/2-1/2"]
[WhiteElo "2532"]
[BlackElo "2630"]
[Annotator "ChessBase"]
[PlyCount "82"]
[EventDate "2019.02.19"]
[EventCountry "RUS"]
[SourceTitle "playchess.com"]
[Source "ChessBase"]
[SourceQuality "1"]
[TimeControl "40/5400+30:1800+30"]

1. d4 {[%emt 0:00:00]} Nf6 {[%emt 0:00:00]} 2. c4 {[%emt 0:00:00]} e6 {[%emt 0:00:00]} 3. Nc3 {[%emt 0:00:04]} Bb4 {[%emt 0:00:05]} 4. e3 {[%emt 0:00:04]} O-O {[%emt 0:00:07]} 5. Bd3 {[%emt 0:00:02]} d5 {[%emt 0:00:18]} 6. a3 {[%emt 0:00:05]} Bxc3+ {[%emt 0:00:21]} 7. bxc3 {[%emt 0:00:08]} c5 {[%emt 0:00:04]} 8. cxd5 {[%emt 0:00:04]} exd5 {[%emt 0:00:06]} 9. Ne2 {[%emt 0:00:03]} b6 {[%emt 0:01:14]} 10. O-O {[%emt 0:00:06]} Ba6 {[%emt 0:01:02]} 11. f3 {[%emt 0:00:05]} Re8 {[%emt 0:00:21]} 12. Ng3 {[%emt 0:00:09]} Bxd3 {[%emt 0:02:14]} 13. Qxd3 {[%emt 0:00:05]} Nc6 {[%emt 0:00:06]} 14. Bb2 {[%emt 0:00:04]} Rc8 {[%emt 0:07:59]} 15. Rae1 {[%emt 0:06:32]} Qc7 {[%emt 0:22:46]} 16. e4 {[%emt 0:03:11]} Ne7 17. Rf2 {[%emt 0:10:25]} cxd4 {[%emt 0:02:01]} 18. cxd4 {[%emt 0:01:17]} Qc4 {[%emt 0:04:34]} 19. Qb1 Nd7 {[%emt 0:01:10]} 20. e5 {[%emt 0:03:09]} g6 21. Rfe2 {[%emt 0:30:04]} Nf8 {[%emt 0:03:03]} 22. Nf1 Nf5 {[%emt 0:01:44]} 23. Qd1 {[%emt 0:04:57]} Ne6 {[%emt 0:00:58]} 24. Rd2 {[%emt 0:00:22]} Rc6 {[%emt 0:05:50]} 25. Kf2 {[%emt 0:02:04]} Qb5 {[%emt 0:06:05]} 26. g4 {[%emt 0:03:42]} Nfg7 27. Kg3 {[%emt 0:01:07]} g5 {[%emt 0:05:43]} 28. h4 {[%emt 0:03:23]} h5 {[%emt 0:06:12]} 29. Ne3 {[%emt 0:00:16]} gxh4+ {[%emt 0:02:22]} 30. Kxh4 {[%emt 0:01:41]} hxg4 {[%emt 0:06:54]} 31. fxg4 {[%emt 0:05:37]} Nf8 {[%emt 0:03:33]} 32. Kg3 {[%emt 0:04:52]} Nh7 {[%emt 0:05:30]} 33. Qf3 Rd8 34. Rh1 {[%emt 0:12:32]} Ng5 {[%emt 0:00:36]} 35. Rdh2 {[%emt 0:00:06]} Kf8 {[%emt 0:00:13]} 36. a4 Qxb2 37. Rxb2 {[%emt 0:04:38]} Nxf3 {[%emt 0:05:37]} 38. Kxf3 {[%emt 0:00:16]} Rc3 39. a5 {[%emt 0:03:43]} Ne6 {[%emt 0:02:59]} 40. axb6 {[%emt 0:00:00]} Nxd4+ {[%emt 0:00:00]} 41. Kf2 {[%emt 0:03:19]} axb6 {[%emt 0:00:56]} 1/2-1/2

[Event "17th Aeroflot Open-A 2019"]
[Site "Moscow"]
[Date "2019.02.22"]
[Round "3.14"]
[White "Grachev, Boris"]
[Black "Xu, Yi"]
[Result "1/2-1/2"]
[WhiteElo "2626"]
[BlackElo "2520"]
[Annotator "RC"]
[PlyCount "46"]
[EventDate "2019.02.19"]
[EventCountry "RUS"]
[SourceTitle "playchess.com"]
[Source "ChessBase"]
[SourceQuality "1"]
[TimeControl "40/5400+30:1800+30"]

1. Nf3 {[%emt 0:00:00]} d5 {[%emt 0:00:00]} 2. e3 {[%emt 0:00:00]} Nf6 {[%emt 0:00:06]} 3. c4 {[%emt 0:00:00]} e6 {[%emt 0:00:06]} 4. Nc3 {[%emt 0:00:10]} b6 {[%emt 0:01:08]} 5. b3 {[%emt 0:00:26]} Bb7 {[%emt 0:00:07]} 6. Bb2 {[%emt 0:00:05]} Nbd7 {[%emt 0:00:27]} 7. d4 {[%emt 0:17:17]} a6 {[%emt 0:00:31]} 8. Bd3 {[%emt 0:01:45]} Bd6 {[%emt 0:00:18]} 9. O-O {[%emt 0:01:30]} O-O {[%emt 0:00:20]} 10. a4 {[%emt 0:11:12]} Ne4 {[%emt 0:08:00]} 11. a5 {[%emt 0:06:38]} f5 {[%emt 0:05:21]} 12. axb6 {[%emt 0:00:48]} cxb6 {[%emt 0:00:09]} 13. Qe2 {[%emt 0:00:16]} Ndf6 {[%emt 0:17:59]} 14. cxd5 {[%emt 0:05:09]} Nxc3 {[%emt 0:00:46]} 15. Bxc3 {[%emt 0:00:03]} Nxd5 {[%emt 0:00:20]} 16. Bd2 {[%emt 0:00:06]} b5 {[%emt 0:08:54]} 17. e4 {[%emt 0:02:35]} Nf4 {[%emt 0:02:14]} 18. Bxf4 {[%emt 0:00:05]} Bxf4 {[%emt 0:00:34]} 19. Rfe1 {[%emt 0:03:13]} Qd7 {[%emt 0:09:59]} 20. Rad1 {[%emt 0:03:04]} Rae8 {[%emt 0:03:04]} 21. h4 {[%emt 0:06:32]} Qf7 {[%emt 0:09:27]} 22. b4 {[%emt 0:01:20]} Qg6 {[%emt 0:04:28]} 23. Bc2 {[%emt 0:26:37]} Kh8 {[%emt 0:06:26]} 1/2-1/2

[Event "17th Aeroflot Open-A 2019"]
[Site "Moscow"]
[Date "2019.02.22"]
[Round "3.15"]
[White "Sadhwani, Raunak"]
[Black "Khismatullin, Denis"]
[Result "1/2-1/2"]
[WhiteElo "2448"]
[BlackElo "2621"]
[Annotator "TA"]
[PlyCount "18"]
[EventDate "2019.02.19"]
[EventCountry "RUS"]
[SourceTitle "playchess.com"]
[Source "ChessBase"]
[SourceQuality "1"]

{[%evp 17,18,0,33]} 1. e4 c5 2. Nf3 d6 3. d4 cxd4 4. Nxd4 Nf6 5. Nc3 a6 6. Be3 $146 ({Predecessor:} 6. Bg5 e6 7. f4 Nbd7 8. Qe2 h6 9. Bh4 e5 10. fxe5 dxe5 11. Nf5 Nb6 12. Qf3 Bxf5 13. Qxf5 Be7 14. Bd3 Nfd7 15. Bxe7 Qxe7 16. O-O-O O-O 17. Kb1 Nc5 18. Be2 Rad8 19. Qf2 Qc7 20. Qe3 Qc6 21. Rhe1 Rfe8 22. a3 Kf8 {½-½ (22) Anand,V (2773)-Nepomniachtchi,I (2763) Wijk aan Zee 2019}) 6... Ng4 7. Bc1 Nf6 8. Be3 Ng4 9. Bc1 Nf6 1/2-1/2

[Event "17th Aeroflot Open-A 2019"]
[Site "Moscow"]
[Date "2019.02.22"]
[Round "3.16"]
[White "Firouzja, Alireza"]
[Black "Kulaots, Kaido"]
[Result "0-1"]
[WhiteElo "2618"]
[BlackElo "2542"]
[Annotator "TA"]
[PlyCount "56"]
[EventDate "2019.02.19"]
[EventCountry "RUS"]
[SourceTitle "playchess.com"]
[Source "ChessBase"]
[SourceQuality "1"]

{[%evp 12,56,21,20,30,33,38,26,35,33,39,39,57,18,29,0,0,-44,-24,-115,-100,-148,-158,-152,-194,-277,-272,-296,-211,-255,-161,-166,-167,-330,-300,-302,-295,-449,-462,-470,-461,-463,-440,-477,-471,-468,-462]} 1. e4 c5 2. Nf3 d6 3. d4 cxd4 4. Nxd4 Nf6 5. Nc3 a6 6. h3 e6 7. g4 Nfd7 {B81: Sicilian Scheveningen: Keres Attack} 8. g5 b5 9. a3 Be7 {White has an edge.} 10. h4 Bb7 11. Be3 O-O (11... Nc6 12. Rg1 Nc5 13. f3 O-O 14. h5 d5 15. exd5 exd5 16. Nxc6 Bxc6 {1-0 (67) Wang,H (2730)-Yilmaz,M (2636) St Petersburg 2018}) 12. Qd2 Nc6 13. Nxc6 Bxc6 14. O-O-O Qb8 15. f3 $146 (15. h5 $11) ({Predecessor:} 15. Qd4 a5 {0-1 (30) Eden,J (2297)-Guliyev,N (2579) Montigny le Bretonneux 2016}) 15... a5 $1 $17 16. g6 b4 ({Worse is} 16... fxg6 17. Bh3 $11) 17. Nb1 d5 18. gxf7+ (18. h5 $142) 18... Rxf7 $19 19. Bh3 Nf8 $40 {[%mdl 128] Black attacks with force.} ({Weaker is} 19... dxe4 20. Bxe6 exf3 21. Bxf7+ Kxf7 22. Bd4 $11) (19... bxa3 20. Nxa3 Nf8 21. Qc3 $17) 20. axb4 Bxb4 21. c3 {[#]} Be7 $1 22. Bg5 $2 {[#]} (22. Bxe6 Nxe6 23. exd5) 22... Bd6 $1 (22... dxe4 23. fxe4 Qb3 24. Bxe7 $15) 23. exd5 exd5 24. Rhe1 (24. Be3 {was worth a try.}) 24... a4 {Black is clearly winning.} 25. Na3 Bxa3 26. bxa3 Qd6 27. Kc2 Rb8 (27... Qxa3 $2 28. Rb1 $19) 28. Rb1 Qg6+ {Accuracy: White = 39%, Black = 80%.} 0-1

[Event "17th Aeroflot Open-A 2019"]
[Site "Moscow"]
[Date "2019.02.22"]
[Round "3.17"]
[White "Martirosyan, Haik M."]
[Black "Liu, Yan"]
[Result "1-0"]
[WhiteElo "2616"]
[BlackElo "2498"]
[Annotator "RC"]
[PlyCount "83"]
[EventDate "2019.02.19"]
[EventCountry "RUS"]
[SourceTitle "playchess.com"]
[Source "ChessBase"]
[SourceQuality "1"]
[TimeControl "40/5400+30:1800+30"]

1. d4 {[%emt 0:00:00]} Nf6 {[%emt 0:00:00]} 2. c4 {[%emt 0:00:00]} e6 {[%emt 0:00:29]} 3. Nf3 {[%emt 0:00:29]} b6 {[%emt 0:01:41]} 4. Nc3 {[%emt 0:02:03]} Bb4 {[%emt 0:02:06]} 5. Bg5 {[%emt 0:00:10]} Bb7 {[%emt 0:02:47]} 6. e3 {[%emt 0:00:18]} Bxc3+ {[%emt 0:04:20]} 7. bxc3 {[%emt 0:00:13]} d6 {[%emt 0:00:25]} 8. Nd2 {[%emt 0:02:40]} Qe7 {[%emt 0:11:07]} 9. f3 {[%emt 0:03:39]} h6 {[%emt 0:00:42]} 10. Bh4 {[%emt 0:00:28]} e5 {[%emt 0:01:09]} 11. e4 {[%emt 0:07:08]} c5 {[%emt 0:06:28]} 12. Be2 {[%emt 0:02:48]} Nc6 {[%emt 0:03:15]} 13. dxc5 {[%emt 0:10:50]} dxc5 {[%emt 0:03:37]} 14. Nf1 {[%emt 0:00:07]} g5 {[%emt 0:12:45]} 15. Bf2 {[%emt 0:02:16]} Qd7 {[%emt 0:00:29]} 16. Qc2 {[%emt 0:01:47]} O-O-O {[%emt 0:00:25]} 17. Ne3 {[%emt 0:01:32]} Na5 {[%emt 0:01:18]} 18. Rb1 {[%emt 0:05:52]} Ba6 {[%emt 0:04:47]} 19. Nd5 {[%emt 0:02:39]} Nxd5 {[%emt 0:09:16]} 20. cxd5 {[%emt 0:00:26]} Bc4 {[%emt 0:05:17]} 21. Bxc4 {[%emt 0:07:09]} Nxc4 {[%emt 0:00:06]} 22. Qb3 {[%emt 0:01:03]} Na5 {[%emt 0:01:35]} 23. Qa3 {[%emt 0:00:34]} Qc7 {[%emt 0:03:01]} 24. O-O {[%emt 0:01:13]} Rd7 {[%emt 0:03:11]} 25. Qa4 {[%emt 0:04:29]} Kd8 {[%emt 0:07:59]} 26. c4 {[%emt 0:04:42]} Ke7 {[%emt 0:04:53]} 27. Be1 {[%emt 0:02:30]} Rb8 {[%emt 0:02:55]} 28. Bxa5 {[%emt 0:02:50]} bxa5 {[%emt 0:00:04]} 29. Rxb8 {[%emt 0:00:21]} Qxb8 {[%emt 0:00:04]} 30. Qxa5 {[%emt 0:00:16]} Qb6 {[%emt 0:02:37]} 31. Qxb6 {[%emt 0:17:24]} axb6 {[%emt 0:00:01]} 32. Rb1 {[%emt 0:00:11]} Rb7 {[%emt 0:00:10]} 33. Kf2 {[%emt 0:00:52]} Kd7 {[%emt 0:02:17]} 34. Kg3 {[%emt 0:01:17]} h5 {[%emt 0:01:39]} 35. h4 {[%emt 0:00:18]} f6 {[%emt 0:02:44]} 36. hxg5 {[%emt 0:02:12]} fxg5 {[%emt 0:00:02]} 37. Rh1 {[%emt 0:01:40]} h4+ {[%emt 0:00:07]} 38. Kg4 {[%emt 0:00:09]} b5 {[%emt 0:00:20]} 39. cxb5 {[%emt 0:01:39]} Rxb5 {[%emt 0:00:21]} 40. Kxg5 {[%emt 0:00:00]} c4 {[%emt 0:00:00]} 41. Kf5 {[%emt 0:01:24]} Kd6 {[%emt 0:04:25]} 42. Rxh4 {[%emt 0:01:00] Kxd5} 1-0

[Event "17th Aeroflot Open-A 2019"]
[Site "Moscow"]
[Date "2019.02.22"]
[Round "3.18"]
[White "Dubov, Daniil"]
[Black "Harika, Dronavalli"]
[Result "1-0"]
[WhiteElo "2703"]
[BlackElo "2471"]
[Annotator "TA"]
[PlyCount "115"]
[EventDate "2019.02.19"]
[EventCountry "RUS"]
[SourceTitle "playchess.com"]
[Source "ChessBase"]
[SourceQuality "1"]

{[%evp 11,115,9,22,8,33,0,0,0,16,7,10,14,12,9,27,0,0,0,0,-8,30,21,15,2,46,40,50,49,50,16,38,56,38,39,40,39,49,54,52,33,105,104,94,95,124,110,108,106,113,103,99,0,114,114,118,106,120,114,126,117,125,124,183,177,196,190,192,184,329,323,312,318,374,364,425,400,459,423,550,560,640,640,613,611,1005,1406,29970,29971,29971,29971,12815,806,12822,5435,29976,5106,29981,29982,29975,29974,29987,29988,29988,29989,29989,29990]} 1. e4 e6 2. d4 d5 3. Nd2 {[%cal Bb1d2,Bd2f3,Bf3d4][%mdl 32]} c5 4. Ngf3 cxd4 5. Nxd4 Nf6 6. exd5 Nxd5 7. c3 {C07: French Tarrasch: 3...c5, 4 Ngf3 and 4 exd5 Qxd5} (7. Ne4 Be7 8. Bc4 O-O 9. O-O Nd7 10. Qe2 Nc5 11. Rd1 a6 12. Nf5 exf5 13. Nxc5 Bxc5 14. Bxd5 Qb6 {1-0 (52) Kovalev,V (2664)-Gupta,A (2588) Douglas 2018}) 7... a6 8. N2f3 Qc7 9. Bd3 {The position is equal.} Bd7 10. O-O Nc6 11. Re1 Nxd4 $146 ({Predecessor:} 11... O-O-O 12. a4 Bd6 13. Bd2 Nf6 {0-1 (41) Castro,C-Bauza,A (2250) Uruguay 1986}) 12. Nxd4 Bd6 13. Qh5 O-O-O 14. Qxf7 Bxh2+ 15. Kh1 $1 $132 {[%mdl 2048] White has counterplay} Bf4 {[#] aiming for ...Rhf8.} (15... Bd6 {feels hotter.} 16. Qxg7 h5 17. Rxe6 Bxe6 18. Nxe6 Qxg7 19. Nxg7 Rdf8) 16. Nxe6 Bxe6 17. Qxc7+ Nxc7 (17... Bxc7 {with more complications.} 18. Rxe6 Rhf8 19. Bg5 Nf4 20. Bxd8 Rxd8 21. Bf5 Nxe6 22. Bxe6+ Kb8) 18. Bxf4 Rxd3 19. Bxc7 $1 Bxa2 20. Bg3 Bd5 21. Re7 h5 22. Rc7+ Kd8 $1 {And now ...Rxg3! would win.} 23. Rxg7 h4 $1 {[%cal Rh4g3]} 24. Bc7+ $1 Kc8 25. Kh2 (25. Kg1 {looks sharper.} Re8 26. Rc1 Bc6 27. Bf4 h3 28. gxh3 Rh8 29. Kf1) 25... Rg8 {[#]} (25... Rd2 $14) 26. Rxg8+ $1 $16 Bxg8 {[%mdl 4096] Endgame KRB-KRB} 27. Bf4 Be6 28. Be3 Rd5 29. Ra4 Rb5 30. Bc1 Rf5 31. Be3 ({Don't play} 31. Rxh4 $6 Rxf2 32. Rh8+ Kd7 $11) 31... Rb5 $1 32. Re4 Kd7 33. b4 Rh5 34. c4 Rh7 35. Rd4+ Ke8 36. f3 Kf8 (36... Rh5 $16 {was worth a try.} 37. Bf2 Kf7 38. Rf4+ (38. Bxh4 b6 $16) 38... Ke8) 37. c5 $18 Bd7 38. Bh6+ Ke8 39. Rxh4 Kf7 (39... Bb5 $142 40. Kg3 Bc6) 40. g4 Bc6 41. f4 Rh8 42. f5 Re8 43. Kg3 Re4 44. Bd2 Rd4 45. Rh7+ Kg8 46. Rh8+ Kf7 47. Bf4 Rxb4 48. g5 Rb1 49. g6+ Kf6 50. Rf8+ Ke7 51. Bd6+ Kd7 52. Rf7+ Ke8 53. Kf4 (53. Re7+ $142 Kd8 54. g7 Bd5 55. f6 Rg1+ 56. Kf2 Rg2+ 57. Ke3 Kc8 58. Rc7+ Kb8 59. f7) 53... a5 54. f6 {White mates.} Rf1+ 55. Kg5 a4 56. Re7+ Kd8 57. f7 Bd5 58. g7 {Accuracy: White = 76%, Black = 41%.} 1-0

[Event "17th Aeroflot Open-A 2019"]
[Site "Moscow"]
[Date "2019.02.22"]
[Round "3.19"]
[White "Abdusattorov, Nodirbek"]
[Black "Kovalev, Vladislav"]
[Result "1-0"]
[WhiteElo "2560"]
[BlackElo "2703"]
[Annotator "RC"]
[PlyCount "91"]
[EventDate "2019.02.19"]
[EventCountry "RUS"]
[SourceTitle "playchess.com"]
[Source "ChessBase"]
[SourceQuality "1"]
[TimeControl "40/5400+30:1800+30"]

1. e4 {[%emt 0:00:00]} e5 {[%emt 0:00:00]} 2. Nf3 {[%emt 0:00:00]} Nc6 {[%emt 0:00:00]} 3. Bb5 {[%emt 0:00:17]} a6 {[%emt 0:00:00]} 4. Ba4 {[%emt 0:00:06]} Nf6 {[%emt 0:00:00]} 5. O-O {[%emt 0:00:08]} Be7 {[%emt 0:00:00]} 6. Re1 {[%emt 0:00:08]} b5 {[%emt 0:00:00]} 7. Bb3 {[%emt 0:00:07]} d6 {[%emt 0:00:00]} 8. c3 {[%emt 0:00:11]} O-O {[%emt 0:00:00]} 9. h3 {[%emt 0:00:05]} Nb8 {[%emt 0:00:10]} 10. d4 {[%emt 0:00:09]} Nbd7 {[%emt 0:00:03]} 11. c4 {[%emt 0:00:06]} c6 {[%emt 0:03:17]} 12. Nc3 {[%emt 0:02:08]} b4 {[%emt 0:02:08]} 13. Na4 {[%emt 0:00:44]} c5 {[%emt 0:00:07]} 14. d5 {[%emt 0:00:15]} Re8 {[%emt 0:11:33]} 15. Bc2 {[%emt 0:01:46]} Nf8 {[%emt 0:03:11]} 16. b3 {[%emt 0:01:21]} Ng6 {[%emt 0:00:12]} 17. Nb2 {[%emt 0:01:02]} Bd7 {[%emt 0:02:15]} 18. a3 {[%emt 0:06:39]} a5 {[%emt 0:00:47]} 19. Ra2 {[%emt 0:00:18]} h6 {[%emt 0:01:24]} 20. Be3 {[%emt 0:03:17]} Nh7 {[%emt 0:05:19]} 21. Qd2 {[%emt 0:06:58]} Rb8 {[%emt 0:11:30]} 22. axb4 {[%emt 0:01:51]} axb4 {[%emt 0:00:09]} 23. Rea1 {[%emt 0:00:58]} Ng5 {[%emt 0:00:36]} 24. Nxg5 {[%emt 0:02:16]} hxg5 {[%emt 0:03:55]} 25. Bd1 {[%emt 0:02:18]} Nf4 {[%emt 0:02:05]} 26. Bg4 {[%emt 0:02:12]} g6 {[%emt 0:01:43]} 27. Ra7 {[%emt 0:09:25]} f5 {[%emt 0:03:29]} 28. Bf3 {[%emt 0:02:24]} Qc8 {[%emt 0:03:49]} 29. Nd3 {[%emt 0:03:05]} Nxd3 {[%emt 0:27:17]} 30. Qxd3 {[%emt 0:00:16]} f4 {[%emt 0:00:05]} 31. Bxc5 {[%emt 0:10:13]} Qxc5 {[%emt 0:05:59]} 32. Rxd7 {[%emt 0:00:46]} Bd8 {[%emt 0:01:04]} 33. Qe2 {[%emt 0:05:17]} Re7 {[%emt 0:02:46]} 34. Rxe7 {[%emt 0:02:15]} Bxe7 {[%emt 0:00:10]} 35. Ra6 {[%emt 0:02:40]} g4 {[%emt 0:08:31]} 36. Bxg4 {[%emt 0:01:05]} Bh4 {[%emt 0:00:01]} 37. Ra2 {[%emt 0:05:09]} Kg7 {[%emt 0:00:57]} 38. Be6 {[%emt 0:05:19]} f3 {[%emt 0:02:13]} 39. gxf3 {[%emt 0:00:27]} Bg5 {[%emt 0:00:24]} 40. Ra6 {[%emt 0:00:00]} Bf4 {[%emt 0:00:00]} 41. Qa2 {[%emt 0:07:28]} Qc7 {[%emt 0:05:36]} 42. Qa4 {[%emt 0:02:12]} Rb6 {[%emt 0:03:07]} 43. Qa5 {[%emt 0:00:32]} Rb7 {[%emt 0:00:50]} 44. Qxc7+ {[%emt 0:00:23]} Rxc7 {[%emt 0:00:01]} 45. Rxd6 {[%emt 0:00:29]} Bg5 {[%emt 0:00:07]} 46. Ra6 {[%emt 0:00:17]} 1-0